000 01422nab a22002297a 4500
999 _c5402
_d5402
003 OSt
005 20250311130727.0
008 190604e xxu||||| |||| 00| 0 spa d
040 _cPJ
100 _95904
_aGonzález Zambón, Ignacio
245 1 0 _aPuntapié inicial para reactivar el desarrollo de infraestructura pública a través de las modificaciones introducidas por la Ley de Bases a la Ley Nacional de Concesión de Obra Pública N.° 17.520 /
_cIgnacio González Zambón.
260 _aCiudad Autónoma de Buenos Aires :
_bThomson Reuters La Ley,
_c2024.
300 _ap.
500 _aCita Online: TR LALEY AR/DOC/1949/2024.
505 _tSumario: I. Estado de situación actual y espíritu de la reforma.— II. La Ley de Bases 27.742 y su impacto en materia de infraestructura pública.— III. Modificaciones a la Ley Nacional de Concesión de Obra Pública 17.520.— IV. Los tres pilares de la reforma y el eje necesario para la reactivación del desarrollo de infraestructura pública.— V. Conclusiones.
505 _t¿Te interesa el texto completo? Solicitalo al correo: koha@justierradelfuego.gov.ar
650 0 _91593
_aOBRAS PUBLICAS
650 0 _91592
_aCONTRATO DE OBRA PUBLICA
650 0 _96430
_aINVERSIONES
773 0 _02714
_93171
_dCiudad Autónoma de Buenos Aires : Thomson Reuters La Ley, 2014-
_tRevista anales de legislación argentina. Nº 8 - Agosto 2024.
942 _2udc
_cANA